Evidencias en cardiología IX (Registro nro. 5498)

Detalles MARC
000 -CABECERA
campo de control de longitud fija 00952nam a22002657a 4500
003 - IDENTIFICADOR DEL NÚMERO DE CONTROL
campo de control AR-RoIUNI
005 - FECHA Y HORA DE LA ÚLTIMA TRANSACCIÓN
campo de control 20220831153144.0
008 - DATOS DE LONGITUD FIJA--INFORMACIÓN GENERAL
campo de control de longitud fija 220831b xxu||||| |||| 00| 0 spa d
020 ## - NÚMERO INTERNACIONAL ESTÁNDAR DEL LIBRO
Número Internacional Estándar del Libro 9789879838891
Información calificativa o.c.
020 ## - NÚMERO INTERNACIONAL ESTÁNDAR DEL LIBRO
Número Internacional Estándar del Libro 9789874738301
Información calificativa Tomo 1
020 ## - NÚMERO INTERNACIONAL ESTÁNDAR DEL LIBRO
Número Internacional Estándar del Libro 9789874738318
Información calificativa Tomo 2
020 ## - NÚMERO INTERNACIONAL ESTÁNDAR DEL LIBRO
Número Internacional Estándar del Libro 9789874738325
Información calificativa Tomo 3
020 ## - NÚMERO INTERNACIONAL ESTÁNDAR DEL LIBRO
Número Internacional Estándar del Libro 9789874738332
Información calificativa Tomo 4
040 ## - FUENTE DE LA CATALOGACIÓN
Centro/agencia transcriptor AR-RoIUNI
080 ## - NÚMERO DE LA CLASIFICACIÓN DECIMAL UNIVERSAL
Número de la Clasificación Decimal Universal 616.12 DOV
100 1# - ENTRADA PRINCIPAL--NOMBRE DE PERSONA
Nombre de persona Doval, Hernán Claudio
245 1# - MENCIÓN DE TÍTULO
Título Evidencias en cardiología IX
Resto del título De los ensayos clínicos a las conductas terapéuticas
Mención de responsabilidad, etc. Hernán Claudio Doval ; carlos Daniel Tajer
250 ## - MENCIÓN DE EDICIÓN
Mención de edición 9a. ed. ampliada
260 ## - PUBLICACIÓN, DISTRIBUCIÓN, ETC. (PIE DE IMPRENTA)
Lugar de publicación, distribución, etc. Buenos Aires
Nombre del editor, distribuidor, etc. GEDIC
Fecha de publicación, distribución, etc. 2019
300 ## - DESCRIPCIÓN FÍSICA
Extensión v.
Otras características físicas il.
Dimensiones 23 cm.
500 ## - NOTA GENERAL
Nota general Tomo 1: Prevención, cardiología, chagas. - Tomo 2: Cardiopaía isquémica. - Insuficiencia cardíaca, patología vascular. - Arritmias, valvulopatías.
650 10 - PUNTO DE ACCESO ADICIONAL DE MATERIA--TÉRMINO DE MATERIA
9 (RLIN) 300
Término de materia o nombre geográfico como elemento inicial Cardiología
700 ## - PUNTO DE ACCESO ADICIONAL--NOMBRE DE PERSONA
Nombre de persona Tajer, Carlos Daniel
942 ## - ELEMENTOS DE PUNTO DE ACCESO ADICIONAL (KOHA)
Fuente del sistema de clasificación o colocación Clasificación Decimal Universal
Tipo de ítem Koha Libros
Existencias
Estado de retiro Estado de pérdida Fuente del sistema de clasificación o colocación Estado dañado Excepción de préstamo Localización permanente Ubicación/localización actual Ubicación en estantería Fecha de adquisición Fuente de adquisición Coste, precio normal de compra Enumeración/cronología de publicación seriada Número de inventario Total de préstamos Signatura topográfica completa Código de barras Fecha visto por última vez Coste, precio de reemplazo Precio válido a partir de Tipo de ítem Koha
    Clasificación Decimal Universal     BIBLIOTECA CF RUFINO BIBLIOTECA CF RUFINO BIBLIOTECA CF RUFINO 31/08/2022 Compra 8096.00 Tomo 1 7354   616.12 DOV 7354 31/08/2022 8096.00 31/08/2022 Libros
    Clasificación Decimal Universal     BIBLIOTECA CF RUFINO BIBLIOTECA CF RUFINO BIBLIOTECA CF RUFINO 31/08/2022 Compra 8096.00 Tomo 2 7355   616.12 DOV 7355 31/08/2022 8096.00 31/08/2022 Libros
    Clasificación Decimal Universal     BIBLIOTECA CF RUFINO BIBLIOTECA CF RUFINO BIBLIOTECA CF RUFINO 31/08/2022 Compra 8096.00 Tomo 3 7356   616.12 DOV 7356 31/08/2022 8096.00 31/08/2022 Libros
    Clasificación Decimal Universal     BIBLIOTECA CF RUFINO BIBLIOTECA CF RUFINO BIBLIOTECA CF RUFINO 31/08/2022 Compra 8096.00 Tomo 4 7357   616.12 DOV 7357 31/08/2022 8096.00 31/08/2022 Libros